Statistics for All Formula 1 Drivers with a Podium Since 2000

Click here to take the quiz!

General Stats

  • This quiz has been taken 272 times
    (107 since last reset)
  • The average score is 34 of 47

Answer Stats

#Driver% Correct
106Fernando Alonso
100%
197Lewis Hamilton
100%
84Michael Schumacher
100%
21Ralf Schumacher
99%
122Sebastian Vettel
99%
103Kimi Raikkonen
97%
103Max Verstappen
96%
50Jenson Button
95%
42Mark Webber
93%
33Charles Leclerc
92%
4Pierre Gasly
92%
21Carlos Sainz
90%
16Lando Norris
90%
3Esteban Ocon
89%
41Felipe Massa
89%
57Nico Rosberg
89%
32Daniel Ricciardo
88%
62Rubens Barrichello
88%
39Sergio Perez
88%
67Valtteri Bottas
88%
14Mika Hakkinen
82%
2Alexander Albon
78%
32David Coulthard
78%
3Lance Stroll
78%
11George Russell
77%
1Kevin Magnussen
75%
2Oscar Piastri
73%
12Robert Kubica
71%
14Giancarlo Fisichella
68%
10Jarno Trulli
68%
1Pastor Maldonado
68%
3Daniil Kvyat
63%
30Juan-Pablo Montoya
63%
4Heikki Kovalainen
59%
10Romain Grosjean
59%
13Nick Heidfeld
58%
2Jacques Villeneuve
53%
1Kamui Kobayashi
52%
1Takuma Sato
52%
3Heinz-Harald Frentzen
51%
2Eddie Irvine
48%
1Vitaly Petrov
47%
1Pedro de la Rosa
40%
3Timo Glock
36%
1Nelson Piquet, Jr.
32%
2Alexander Wurz
30%
1Tiago Monteiro
26%

Score Distribution

Percentile by Number Answered

Percent of People with Each Score

Your Score History

You have not taken this quiz since the last reset